| 000 | 01303nam a2200385 a 4500 | ||
|---|---|---|---|
| 001 | 21529 | ||
| 003 | VRT | ||
| 005 | 20260303152853.0 | ||
| 008 | 250414s1992 xo 0 slo | ||
| 015 | _aSNBA1992/12 | ||
| 020 |
_a807150033X _q(brož.) |
||
| 035 | _aSNK000012523 | ||
| 039 | 9 |
_a202510201013 _bAUTHORITY _c202504141453 _dVLOAD _c202403151931 _dVLOAD _c201306201121 _dVLOAD |
|
| 040 |
_aSNK _bslo _cSNK _eAACR2 |
||
| 041 | 0 | _aslo | |
| 044 |
_axo _cSK |
||
| 080 |
_a001.92:535.1(087.5) _21981 |
||
| 080 |
_a535.1(087.5) _21981 |
||
| 100 | 1 |
_aArdley, Neil, _d1937-2004 _4aut |
|
| 245 | 1 | 0 |
_aMoja kniha pokusov. Svetlo _cNeil Ardley ; Peter Gomolčák, Pete Gardner |
| 250 | _a1. vyd. | ||
| 260 |
_aBratislava _bCHAMPAGNE AVANTGARDE _c1992 _eBratislava _fDanubiaprint |
||
| 300 |
_a29 s. _c24 cm |
||
| 366 | _e59 Kčs. | ||
| 490 | 0 |
_aMoja kniha pokusov _vZv. 1. |
|
| 500 | _aSazdba: FATRIN, spol. s r.o., Martin. Fot. na rozlož. tit. liste. | ||
| 700 | 1 |
_aGomolčák, Peter _4trl |
|
| 700 | 1 |
_aGardner, Pete _4bkd |
|
| 942 |
_2ddc _cOLDE _n0 |
||
| 949 |
_617A0262291 _9P60, <04>, [BOOK], {604} _asnkSC 82726 D1 |
||
| 949 |
_63912000263 _aknkjsde/Mn _bknkjs260956 |
||
| 949 |
_617A0949513 _asnkSC 82726 |
||
| 999 |
_c21529 _d21529 |
||